000 00599nam a2200241 a 4500
999 _c8566
_d8566
001 8566
003 BD-JhCC
005 20180227173508.0
008 180227s1964 p b 000 0 eng d
035 _a(BD-JhCC)8566
040 _aBD-JhCC
_dBD-JhCC
041 _aeng
050 0 _aHC21
082 _a330.9
_219
_bALI 1964
100 1 _aAli, M. H.
245 0 0 _aEconomic and the Comercial Geography /
_cM. H. Ali,
260 _aDacca :
_bUniversity Press,
_c1964
300 _a486p :
_bill ;
_c20 cm
650 0 _aEconomic history
650 0 _aEconomics
942 _2ddc
_cBK